Para leer a Neruda
Uloženo v:
| Hlavní autor: | |
|---|---|
| Médium: | Kniha |
| Jazyk: | španělština |
| Vydáno: |
Santiago
Universidad Nacional Andrés Bello
1997
|
| Vydání: | 2a. ed |
| Edice: | Serie Monografías
|
| Témata: | |
| Tagy: |
Přidat tag
Žádné tagy, Buďte první, kdo vytvoří štítek k tomuto záznamu!
|
MARC
| LEADER | 00000nam a2200000 a 4500 | ||
|---|---|---|---|
| 001 | UCQ4120 | ||
| 003 | CL-VaPUC | ||
| 005 | 20240924105139.0 | ||
| 008 | 980904e19970000CL |||||||||||||||||spa|d | ||
| 999 | |c 274577 |d 274575 | ||
| 040 | |c Pontificia Universidad Católica de Valparaíso | ||
| 082 | 0 | 4 | |a Ch861.09 |b MON |2 21 |
| 100 | |a Montes Brunet, Hugo |e autor |9 416030 | ||
| 245 | 1 | 0 | |a Para leer a Neruda |
| 250 | |a 2a. ed | ||
| 260 | |a Santiago |b Universidad Nacional Andrés Bello |c 1997 | ||
| 300 | |a 184 p | ||
| 490 | 0 | |a Serie Monografías | |
| 583 | |a last modification |c 19980904 00:00:00 |k Rodrigo Vera | ||
| 600 | 0 | |a Neruda, Pablo, |d 1904-1973 |e autor |9 471955 | |
| 650 | 0 | |a Literatura chilena |9 308278 | |
| 650 | 0 | |a Poesía chilena |9 268403 | |
| 650 | 0 | |a Crítica literaria |9 269189 | |
| 650 | 0 | |a Crítica e interpretación |9 255042 | |
| 942 | |c BK |2 ddc | ||
| 945 | |d 19980904 00:00:00 |a aarredon | ||
| 952 | |0 0 |1 0 |4 0 |6 CH_861_090000000000000_MON_1997 |7 0 |8 A |9 310813 |a BIBEDU |b BIBEDU |d 2019-11-20 |i 3771520 |o Ch861.09 MON 1997 |p 3771520 |r 2019-11-20 |w 2019-11-20 |y BK |k CUE | ||